Avance en diseño, construcción y mantención de pavimentos de hormigón
I tiakina i:
| Ngā kaituhi matua: | , |
|---|---|
| Hōputu: | Pukapuka |
| Reo: | Pāniora |
| I whakaputaina: |
Santiago
ICCH
1985
|
| Rangatū: | Aportes Técnicos, 13
|
| Ngā marau: | |
| Ngā Tūtohu: |
Tāpirihia he Tūtohu
Kāore He Tūtohu, Me noho koe te mea tuatahi ki te tūtohu i tēnei pūkete!
|
MARC
| LEADER | 00000nam a2200000 a 4500 | ||
|---|---|---|---|
| 001 | UCU6198 | ||
| 003 | CL-VaPUC | ||
| 008 | 960614e19850000CL |||||||||||||||||spa|d | ||
| 082 | 0 | 4 | |a 625.84 |b KRA |2 21 |
| 100 | |a Kraemer Heilperno, Carlos |e author |9 616925 | ||
| 700 | 0 | |a Fernández Sánchez, Rafael |e author |9 364368 | |
| 245 | 1 | 0 | |a Avance en diseño, construcción y mantención de pavimentos de hormigón |
| 300 | |a 40 p | ||
| 942 | |c BK | ||
| 945 | |d 19960614 00:00:00 |a paguirre | ||
| 260 | |a Santiago |b ICCH |c 1985 | ||
| 650 | 0 | |a Pavimentos |9 258061 | |
| 650 | 0 | |a Hormigones |9 262546 | |
| 650 | 7 | |a CONSTRUCCION DE HORMIGON |2 CL-VaPUC |9 350101 | |
| 650 | 0 | |a Materiales de construcción |9 260197 | |
| 650 | 0 | |a Mantenimiento |9 271710 | |
| 583 | |a last modification |c 19960614 00:00:00 |k Rodrigo Vera | ||
| 490 | 0 | |a Aportes Técnicos, 13 | |
| 999 | |c 249218 |d 249216 | ||
| 952 | |0 0 |1 0 |4 0 |6 625_840000000000000_KRA_1985 |7 0 |8 A |9 266344 |a BIBING |b BIBING |d 2019-11-19 |i 1684752 |o 625.84 KRA 1985 |p 1684752 |r 2025-01-20 |w 2019-11-19 |y BK |k CCL | ||
| 952 | |0 0 |1 0 |4 0 |6 625_840000000000000_KRA_1985 |7 0 |8 A |9 266345 |a BIBING |b BIBING |d 2019-11-19 |i 1684671 |o 625.84 KRA 1985 |p 1684671 |r 2025-01-20 |w 2019-11-19 |y BK |k CCL | ||
| 952 | |0 0 |1 0 |4 0 |6 625_840000000000000_KRA_1985 |7 0 |8 A |9 266346 |a BIBING |b BIBING |d 2019-11-19 |i 1684620 |o 625.84 KRA 1985 |p 1684620 |r 2025-01-20 |w 2019-11-19 |y BK |k CCL | ||
| 952 | |0 0 |1 0 |4 0 |6 625_840000000000000_KRA_1985 |7 0 |8 A |9 266347 |a BIBING |b BIBING |d 2019-11-19 |i 1684612 |o 625.84 KRA 1985 |p 1684612 |r 2025-01-20 |w 2019-11-19 |y BK |k CCL | ||
| 952 | |0 0 |1 0 |4 0 |6 625_840000000000000_KRA_1985 |7 0 |8 A |9 266348 |a BIBING |b BIBING |d 2019-11-19 |i 1684663 |o 625.84 KRA 1985 |p 1684663 |r 2025-01-20 |w 2019-11-19 |y BK |k CCL | ||
| 952 | |0 0 |1 0 |4 0 |6 625_840000000000000_KRA_1985 |7 0 |8 A |9 266349 |a BIBING |b BIBING |d 2019-11-19 |i 1684760 |o 625.84 KRA 1985 |p 1684760 |r 2025-01-20 |w 2019-11-19 |y BK |k CCL | ||
| 952 | |0 0 |1 0 |4 0 |6 625_840000000000000_KRA_1985 |7 0 |8 A |9 266350 |a BIBING |b BIBING |d 2019-11-19 |i 168471K |o 625.84 KRA 1985 |p 168471K |r 2025-01-20 |w 2019-11-19 |y BK |k CCL | ||
| 952 | |0 0 |1 0 |4 0 |6 625_840000000000000_KRA_1985 |7 0 |8 A |9 266351 |a BIBING |b BIBING |d 2019-11-19 |i 1684485 |o 625.84 KRA 1985 |p 1684485 |r 2025-01-20 |w 2019-11-19 |y BK |k CCL | ||
| 952 | |0 0 |1 0 |4 0 |6 625_840000000000000_KRA_1985 |7 0 |8 A |9 266352 |a BIBING |b BIBING |d 2019-11-19 |i 1684434 |o 625.84 KRA 1985 |p 1684434 |r 2025-01-20 |w 2019-11-19 |y BK |k CCL | ||
| 952 | |0 0 |1 0 |4 0 |6 625_840000000000000_KRA_1985 |7 0 |8 A |9 266353 |a BIBING |b BIBING |d 2019-11-19 |i 1685082 |o 625.84 KRA 1985 |p 1685082 |r 2025-01-20 |w 2019-11-19 |y BK |k CCL | ||